000 00927nam a2200229Ia 4500
999 _c40988
_d40988
001 7636
003 GE_BSU
005 20240118121430.0
008 181216s1975||||ge |||||||||||||| ||geo||
040 _cGE_BSU
041 _ageo
080 _a821.353.1-31 დ-74
100 _aდონჟაშვილი,თინა
_921073
245 _aალაზანზე :
_bრომანი /
_cთინა დონჟაშვილი ; რედ. ნ კანდელაკი ; მხატვ. გ. ჯაფარიძე.
264 _aთბილისი :
_bსაბჭ. საქართველო,
_c1975.
300 _a478 გვ. ;
_c20 სმ.
653 _aალაზანზე
653 _aრომანი
700 _aკანდელაკი, ნ.
_eრედაქტორი
_921074
700 _aჯაფარიძე, გ.
_eმხატვარი
_921075
942 _cBK
_2udc